000 00493nam a22001697a 4500
003 BD-ChCU
005 20260216095135.0
008 260216b bg ||||| |||| 00| 0 ben d
040 _cBD-ChCU
082 _a330.94 TEC
100 _aTennenbaum , Henryk .
_920326
245 _aCentral and eastern Europe in world economy./
_cHenryk, Tennenbaum.
260 _aLondon :
_bBarnard & Westwood,
_cC 1944
300 _a191p
650 0 _aEurope - Economic Conditions.
_920329
942 _2ddc
_cBK
_n0
999 _c111611
_d111611